00322nam a2200097Ia 4500008004100000041000800041100003000049245009100079260003500170999001900205241105s9999 xx 000 0 und d aeng aWasunkar Priyanka9182605 aAuro Vrtta : A School For Creative Exploration And Teaching In Architecture And Desing bFinal Year B. Arch, BNCAc2014 c360896d360896